Score 0/16 Timer 02:00
0 Plays Today
% Correct
swimming/diving
99.2%
tennis
97.3%
skating
97.3%
volleyball
94.4%
put
91.6%
skiing
88.6%
biking
78.2%
hockey
75.3%
% Correct
wrestling
69.3%
hill
66.2%
pipe
65.5%
bobsleigh
65.5%
gymnastics
64.2%
slalom
55.3%
track
53.7%
cross
16.7%

Today's Daily Dose

Remove Ads.
Support Sporcle.
Get the best of Sporcle when you Go Orange. This ad-free experience offers more features, more stats, and more fun while also helping to support Sporcle. Thank you for becoming a member.

You're not logged in!

Compare scores with friends on all Sporcle quizzes.
OR
Log In

Sporcle TV

Today on Sporcle TV


Watch our educational content, quiz creation guides, and fun videos on Sporcle TV.

Show Comments

Extras

Top Quizzes Today


Score Distribution

Paid Content

Your Account Isn't Verified!

In order to create a playlist on Sporcle, you need to verify the email address you used during registration. Go to your Sporcle Settings to finish the process.

Report this User

Report this user for behavior that violates our Community Guidelines.

Details: